| 000 | 00821cac a22002171u 4500 | ||
|---|---|---|---|
| 008 | 081030t1981 -uk|||||r|||| 001 0 eng d | ||
| 010 | _a80020991 | ||
| 020 | _a0201038935 | ||
| 082 | 0 | 0 |
_a001.6424 _bKOF _222 |
| 100 |
_aKoffman, Elliot B. _933486 |
||
| 245 | 1 | 0 |
_aProblem solving and structured programming in PASCAL / _cElliot B. Koffman. |
| 260 |
_aReading, Mass. : _bAddison-Wesley Pub. Co., _cc1981. |
||
| 300 |
_a497 p. in various pagings : _bill. ; _c23 cm. |
||
| 490 | 0 | _aAddison-Wesley series in computer science and information processing | |
| 500 | _aIncludes index. | ||
| 500 | _aDonations | ||
| 500 | _aDonations - Dr. Mostafa Gouda | ||
| 650 | 0 |
_aPascal (Computer program language) _xProblems, exercises, etc. _933487 |
|
| 650 | 0 |
_aStructured programming. _933488 |
|
| 942 |
_cBB _k001.6424KOF _2ddc |
||
| 999 |
_c1719 _d1719 |
||